Enterprise risk management : a manager's journey

Bibliographic Details
Main Author: Pickett, K.H. Spencer
Format: Book
Language:English
Published: Hoboken : John Wiley & Sons , 2006
Subjects:

MARC

LEADER 00000cam a2200000 7i4500
001 0000018937
005 20090312.0
008 090311s njua eng
020 |a 0471745294(pbk) ,   |c RM196.01 
040 |a INS 
090 0 0 |a HD61   |b P53 2006 
100 1 |a Pickett, K.H. Spencer 
245 1 0 |a Enterprise risk management :   |b a manager's journey   |c K.H. Spencer Pickett 
260 |a Hoboken :   |b John Wiley & Sons ,   |c 2006 
300 |a ix, 310p. :   |b ill. ;   |c 24cm. 
500 |a Includes index 
650 0 |a Risk management 
999 |a 0000020630   |b BOOK   |c Open Shelf   |e Default branch